<?xml version="1.0" encoding="UTF-8"?>
<record
    xmlns:xsi="http://www.w3.org/2001/XMLSchema-instance"
    xsi:schemaLocation="http://www.loc.gov/MARC21/slim http://www.loc.gov/standards/marcxml/schema/MARC21slim.xsd"
    xmlns="http://www.loc.gov/MARC21/slim">

  <leader>02274nam a2200409 i 4500</leader>
  <controlfield tag="001">196178</controlfield>
  <controlfield tag="003">ES-MaACL</controlfield>
  <controlfield tag="005">20250809052936.0</controlfield>
  <controlfield tag="008">240817s2020    sp a   | |||| 001 0aspa  </controlfield>
  <datafield tag="015" ind1=" " ind2=" ">
    <subfield code="a">MON18</subfield>
  </datafield>
  <datafield tag="020" ind1=" " ind2=" ">
    <subfield code="a">9788412034738</subfield>
  </datafield>
  <datafield tag="020" ind1=" " ind2=" ">
    <subfield code="a">9788494309779</subfield>
  </datafield>
  <datafield tag="040" ind1=" " ind2=" ">
    <subfield code="b">spa</subfield>
    <subfield code="c">ES-MaACL</subfield>
  </datafield>
  <datafield tag="080" ind1=" " ind2=" ">
    <subfield code="a">929 Lemkin, Raphael</subfield>
  </datafield>
  <datafield tag="100" ind1=" " ind2=" ">
    <subfield code="a">Lemkin, Rapha&#xEB;l, </subfield>
    <subfield code="d">1900-1959</subfield>
    <subfield code="9">238434</subfield>
    <subfield code="e">aut</subfield>
  </datafield>
  <datafield tag="240" ind1="1" ind2="0">
    <subfield code="a">Totally unofficial</subfield>
    <subfield code="l">Espa&#xF1;ol</subfield>
  </datafield>
  <datafield tag="245" ind1="1" ind2="0">
    <subfield code="a">Ohne Auftrag Autobiografie:</subfield>
    <subfield code="b">die Autobiografie von Raphael Lemkin / </subfield>
    <subfield code="c">Raphael Lemkin ; edici&#xF3;n, Irmund Wojak, Donna-Lee Frieze y Joaqu&#xED;n Gonz&#xE1;lez Ib&#xE1;&#xF1;ez ; traducci&#xF3;n, Stephanie Arzingeer ; pr&#xF3;logo a la edici&#xF3;n en alem&#xE1;n, Irmund Wojak ; introducci&#xF3;n a la edici&#xF3;n original en ingl&#xE9;s, Donna-Lee Frieze</subfield>
  </datafield>
  <datafield tag="264" ind1=" " ind2="1">
    <subfield code="a">[Madrid]</subfield>
    <subfield code="b">Berg Institute,</subfield>
    <subfield code="c">[2020]</subfield>
  </datafield>
  <datafield tag="264" ind1=" " ind2="4">
    <subfield code="c">&#xA9;2020</subfield>
  </datafield>
  <datafield tag="300" ind1=" " ind2=" ">
    <subfield code="a">421 p&#xE1;ginas :</subfield>
    <subfield code="b">ilustraciones (blanco y negro y color) ;</subfield>
    <subfield code="c">24 cm.</subfield>
  </datafield>
  <datafield tag="336" ind1=" " ind2=" ">
    <subfield code="a">Texto</subfield>
    <subfield code="2">rdacontent</subfield>
  </datafield>
  <datafield tag="337" ind1=" " ind2=" ">
    <subfield code="a">sin mediaci&#xF3;n</subfield>
    <subfield code="2">rdamedia</subfield>
  </datafield>
  <datafield tag="338" ind1=" " ind2=" ">
    <subfield code="a">volumen</subfield>
    <subfield code="2">rdacarrier</subfield>
  </datafield>
  <datafield tag="490" ind1="1" ind2=" ">
    <subfield code="a">Biblioteca literatura y derechos humanos ;</subfield>
    <subfield code="v">1</subfield>
  </datafield>
  <datafield tag="500" ind1=" " ind2=" ">
    <subfield code="a">Incluye ap&#xE9;ndice documental</subfield>
  </datafield>
  <datafield tag="504" ind1=" " ind2=" ">
    <subfield code="a">Bibliograf&#xED;a: p&#xE1;ginas 393-405. &#xCD;ndices</subfield>
  </datafield>
  <datafield tag="520" ind1=" " ind2=" ">
    <subfield code="a">Winston Churchill erkl&#xE4;rte w&#xE4;hrend des Zweiten Weltkriegs Ende 1941, dass die Nazis ein &#x201E;namenloses Verbrechen&#x201C; begingen. Der Jurist und Humanist Raphael Lemkin verschrieb sich der Suche nach einem angemessenen Begriff f&#xFC;r diese Akte menschlicher Barbarei. Dank seiner Studien in Philosophie, Philologie und im Recht gelang Lemkin 1943 die Pr&#xE4;gung des Neologismus Genozid und er trug durch sein pers&#xF6;nliches Engagement zum Zustandekommen der Genozidkonvention der Vereinten Nationen von 1948 bei.</subfield>
  </datafield>
  <datafield tag="600" ind1=" " ind2="0">
    <subfield code="a">Lemkin, Rapha&#xEB;l, </subfield>
    <subfield code="d">1900-1959-</subfield>
    <subfield code="x">Biograf&#xED;as</subfield>
    <subfield code="2">embne</subfield>
    <subfield code="9">238435</subfield>
  </datafield>
  <datafield tag="655" ind1=" " ind2="7">
    <subfield code="a">Autobiograf&#xED;as</subfield>
    <subfield code="2">tgfbne</subfield>
    <subfield code="9">226823</subfield>
  </datafield>
  <datafield tag="830" ind1=" " ind2="0">
    <subfield code="a">Biblioteca literatura y derechos humanos</subfield>
    <subfield code="v">1</subfield>
    <subfield code="9">238888</subfield>
  </datafield>
  <datafield tag="852" ind1=" " ind2=" ">
    <subfield code="a">ES-MaACL</subfield>
    <subfield code="b">R.154546</subfield>
    <subfield code="c">DEPOJ</subfield>
    <subfield code="j">N-9253</subfield>
    <subfield code="h">Donaci&#xF3;n: Editorial</subfield>
    <subfield code="x">Encuadernaci&#xF3;n carton&#xE9;</subfield>
    <subfield code="9">205207</subfield>
  </datafield>
  <datafield tag="942" ind1=" " ind2=" ">
    <subfield code="c">MONOGRAFIA</subfield>
    <subfield code="n">0</subfield>
  </datafield>
  <datafield tag="999" ind1=" " ind2=" ">
    <subfield code="c">196178</subfield>
    <subfield code="d">196178</subfield>
  </datafield>
  <datafield tag="952" ind1=" " ind2=" ">
    <subfield code="0">0</subfield>
    <subfield code="1">0</subfield>
    <subfield code="2">udc</subfield>
    <subfield code="4">0</subfield>
    <subfield code="7">0</subfield>
    <subfield code="a">ATENEOM</subfield>
    <subfield code="b">ATENEOM</subfield>
    <subfield code="c">DEPOJ</subfield>
    <subfield code="d">2025-05-06</subfield>
    <subfield code="e">DONACION</subfield>
    <subfield code="l">0</subfield>
    <subfield code="o">N-9253</subfield>
    <subfield code="p">101229979</subfield>
    <subfield code="r">2025-05-06 00:00:00</subfield>
    <subfield code="w">2025-05-06</subfield>
    <subfield code="y">MONOGRAFIA</subfield>
  </datafield>
</record>
